Statistics for Top 20 Countries Wider than Tall

Click here to take the quiz!

General Stats

  • This quiz has been taken 9,788 times
  • The average score is 10 of 20

Answer Stats

Ratio Continent Country % Correct
2.26EuropeRussia
91%
1.80North AmericaUnited States
90%
2.39North AmericaCuba
78%
2.14AsiaMongolia
72%
2.58AsiaTurkey
68%
1.76AsiaKazakhstan
68%
1.85AsiaNepal
64%
2.56North AmericaJamaica
61%
1.85AsiaBhutan
46%
2.96AfricaGambia
46%
2.06EuropeSlovakia
45%
1.76EuropeCzech Republic
41%
1.78AfricaCentral African Republic
40%
2.04North AmericaHonduras
40%
2.22AsiaKyrgyzstan
37%
2.08North AmericaEl Salvador
36%
1.77AsiaGeorgia
30%
2.04AsiaCyprus
24%
2.36AsiaEast Timor
21%
2.09AfricaGuinea-Bissau
15%

Score Distribution

Percentile by Number Answered

Percent of People with Each Score

Your Score History

You have not taken this quiz